000 00379nam a22001697a 4500
005 20160628161150.0
008 160628b xxu||||| |||| 00| 0 eng d
020 _a978-81-203-3265-2
041 _aeng
082 _b10956
100 _aMaitheson, Rick
_93119
245 _aBranding Unbound
260 _bPHI
_c2007
300 _a237
650 _aManagement
_9241
942 _cBK
999 _c4559
_d4557